| 000 | 00473nam a2200169 a 4500 | ||
|---|---|---|---|
| 005 | 20140310183143.0 | ||
| 008 | 030509s19uu xx 00 eng d | ||
| 050 |
_aQA 76.8.M3 _b.M273 1994 |
||
| 245 |
_aThe Macintosh Bible / _cedited by Dary DiNucci, et. al. |
||
| 250 | _a5th ed. | ||
| 260 |
_aCalifornia : _bPeachpit Press, _c1994. |
||
| 300 |
_a1160 p. : _bill. ; _c23 cm. |
||
| 521 | _aIT | ||
| 650 | _aMacintosh (Computer) | ||
| 942 |
_cBK _2lcc _kFOR |
||
| 999 |
_c19459 _d19459 |
||